000 00495nam a2200121Ia 4500
008 220620s9999||||xx |||||||||||||| ||und||
245 0 _aCompendium for Early Career Researchers in Mathematics Education
546 _aEnglish[eng]
650 _aEducation||Mathematics—Study and teaching ||Education—Research||Study skills||Study skills
700 _aKaiser, Gabriele||Presmeg, Norma
856 _uhttps://library.oapen.org/bitstream/20.500.12657/23016/1/1007145.pdf
942 _cEB
999 _c27876
_d27876